[Event "Lipetsk-ch"]
[Site "Lipetsk"]
[Date "2009.06.05"]
[Round "7"]
[White "Venevtsev, Andrey"]
[Black "Kondaurov, Sergey"]
[Result "1-0"]
[WhiteElo "2285"]
[BlackElo "2121"]
[PlyCount "139"]
[EventDate "2009.05.22"]
[EventType "swiss"]
[EventRounds "9"]
[EventCountry "RUS"]
[SourceTitle "EXT 2022"]
[Source "ChessBase"]
[SourceDate "2021.10.06"]
[SourceVersion "1"]
[SourceVersionDate "2021.10.06"]
[SourceQuality "1"]

1. e4 c6 2. Nc3 d5 3. Nf3 dxe4 4. Nxe4 Bf5 5. Ng3 Bg4 6. Bc4 e6 7. 0-0 Be7 8. h3 Bxf3 9. Qxf3 Nf6 10. c3 0-0 11. d4 Nbd7 12. Re1 Nd5 13. Bd3 N7f6 14. Ne4 Nxe4 15. Qxe4 Nf6 16. Qh4 g6 17. Bg5 Nd5 18. Bxe7 Qxe7 19. Qxe7 Nxe7 20. Re5 Rfd8 21. Rae1 Kg7 22. f4 Nd5 23. g3 h5 24. Be4 Nb6 25. Bf3 Rac8 26. Kf2 Nc4 27. R5e2 Kf6 28. Rh1 b6 29. g4 h4 30. Rhe1 c5 31. b3 Nd6 32. d5 exd5 33. Bxd5 Nb5 34. Bc4 Nd6 35. Ba6 Rc7 36. Kf3 Kg7 37. Rd1 Nb7 38. Rxd8 Nxd8 39. Rd2 Ne6 40. Bc4 Re7 41. Re2 Kf8 42. Bxe6 fxe6 43. g5 Kf7 44. Kg4 Rd7 45. Kxh4 c4 46. bxc4 Rd3 47. Rc2 Ke7 48. Kg4 Rd1 49. Kf3 Kd6 50. h4 e5 51. fxe5+ Kxe5 52. Re2+ Kf5 53. Rf2 Re1 54. Kg3+ Ke5 55. Rf3 Rg1+ 56. Kh3 Rh1+ 57. Kg4 Rg1+ 58. Rg3 Re1 59. h5 gxh5+ 60. Kxh5 Rh1+ 61. Kg6 Kf4 62. Rg2 Rd1 63. Kf7 Kf5 64. g6 Rd7+ 65. Ke8 Rg7 66. Kf8 Rxg6 67. Rxg6 Kxg6 68. Ke7 Kf5 69. Kd6 Ke4 70. c5 1-0

[Event "Lipetsk-ch"]
[Site "Lipetsk"]
[Date "2009.05.23"]
[Round "2"]
[White "Torshin, Anton1111"]
[Black "Kondaurov, Sergey"]
[Result "0-1"]
[WhiteElo "1768"]
[BlackElo "2121"]
[PlyCount "116"]
[EventDate "2009.05.22"]
[EventType "swiss"]
[EventRounds "9"]
[EventCountry "RUS"]
[SourceTitle "EXT 2022"]
[Source "ChessBase"]
[SourceDate "2021.10.06"]
[SourceVersion "1"]
[SourceVersionDate "2021.10.06"]
[SourceQuality "1"]

1. e4 c6 2. d4 d5 3. e5 Bf5 4. c4 e6 5. Nc3 Nd7 6. a3 dxc4 7. Bxc4 Nb6 8. Bb3 Ne7 9. Nge2 Ned5 10. 0-0 Be7 11. Ng3 Bg6 12. f4 Qd7 13. Nce4 Rd8 14. Qe2 0-0 15. Bc2 Nc7 16. Be3 Nbd5 17. Rad1 b6 18. Bc1 f5 19. Nd2 Qe8 20. Nb3 h5 21. Qf2 h4 22. Ne2 Bh5 23. Rde1 a5 24. Kh1 Nb5 25. Bd3 Nbc7 26. Bc2 Qd7 27. Nd2 c5 28. dxc5 Bxc5 29. Nd4 Ne7 30. Qxh4 Qe8 31. N4b3 Bd4 32. Nc4 Nc8 33. Nxd4 Rxd4 34. b3 Rd7 35. Qf2 Nd5 36. Be3 Qd8 37. Bd2 Ra7 38. Bd1 Bxd1 39. Rxd1 Rff7 40. Be3 Rab7 41. Bc1 Rfd7 42. Qf3 b5 43. Nb2 Nce7 44. Bd2 Nc6 45. Be3 Nce7 46. Bc5 Nc8 47. Rc1 g6 48. Rfd1 Rh7 49. Rc2 Rbd7 50. Rdc1 g5 51. Be3 g4 52. Qf2 Nce7 53. g3 Nxe3 54. Qxe3 Nd5 55. Qf2 Rc7 56. Nd3 Rxc2 57. Rxc2 Rc7 58. Qd2 Rd7 0-1

[Event "Budapest FS05 FM-A"]
[Site "Budapest"]
[Date "2006.05.16"]
[Round "11"]
[White "Letay, Gyula"]
[Black "Kondaurov, Sergey"]
[Result "1-0"]
[WhiteElo "2126"]
[BlackElo "2155"]
[PlyCount "107"]
[EventDate "2006.05.06"]
[EventType "tourn"]
[EventRounds "11"]
[EventCountry "HUN"]
[SourceTitle "CBM 112 Extra"]
[Source "ChessBase"]
[SourceDate "2006.07.14"]
[SourceVersion "1"]
[SourceVersionDate "2006.07.14"]
[SourceQuality "1"]

1. e4 c6 2. d3 d5 3. Nd2 e5 4. g3 Nf6 5. Bg2 Bd6 6. h3 Be6 7. Ngf3 dxe4 8. dxe4 h6 9. 0-0 0-0 10. b3 Qc7 11. Qe2 a5 12. a4 Nbd7 13. Bb2 Nc5 14. Nh4 Ncd7 15. Nc4 Bxc4 16. Qxc4 Nb6 17. Qe2 Bc5 18. Kh1 Rad8 19. f4 Bd4 20. c3 Bc5 21. Nf5 exf4 22. gxf4 g6 23. c4 Nh5 24. Nxh6+ Kh7 25. Nf5 Bd6 26. Qg4 Bxf4 27. Qh4 Bg3 28. Qg5 Be5 29. Bxe5 Qxe5 30. Bf3 Qf4 31. Qg1 gxf5 32. Bxh5 Qxe4+ 33. Bf3 Qh4 34. Rf2 Rg8 35. Qf1 Rg3 36. Bg2 Rdg8 37. Raa2 Nd7 38. Rxf5 f6 39. Qd1 Kg6 40. Qxd7 Rh8 41. Rf3 Rxf3 42. Bxf3 Qe1+ 43. Kg2 Rg8 44. Bg4 Qe4+ 45. Kh2 Qf4+ 46. Kg2 Qe4+ 47. Bf3 Kh6+ 48. Kf2 Qh4+ 49. Kf1 Qg3 50. Qd2+ Rg5 51. Bg2 Kg7 52. Ra1 Rf5+ 53. Kg1 Rf2 54. Qxf2 1-0

[Event "Budapest FS05 FM-A"]
[Site "Budapest"]
[Date "2006.05.15"]
[Round "10"]
[White "Kondaurov, Sergey"]
[Black "Farkas, Laszlo"]
[Result "1-0"]
[WhiteElo "2155"]
[BlackElo "2058"]
[PlyCount "137"]
[EventDate "2006.05.06"]
[EventType "tourn"]
[EventRounds "11"]
[EventCountry "HUN"]
[SourceTitle "CBM 112 Extra"]
[Source "ChessBase"]
[SourceDate "2006.07.14"]
[SourceVersion "1"]
[SourceVersionDate "2006.07.14"]
[SourceQuality "1"]

1. c4 Nf6 2. Nc3 c5 3. Nf3 Nc6 4. g3 b6 5. Bg2 Qc7 6. d3 d6 7. Bg5 Nd7 8. a3 h6 9. Bd2 Bb7 10. 0-0 Rc8 11. Nd5 Qb8 12. b4 e6 13. Ne3 Nf6 14. Bc3 Be7 15. b5 Ne5 16. Nxe5 Bxg2 17. Nxg2 dxe5 18. Qc2 Rd8 19. Nh4 Nd7 20. Nf3 0-0 21. a4 f5 22. a5 Bd6 23. axb6 axb6 24. Ra6 Qb7 25. Qb2 e4 26. dxe4 fxe4 27. Ne5 Nxe5 28. Bxe5 Qc7 29. Bxd6 Qxd6 30. Ra7 Rf7 31. Rxf7 Kxf7 32. Ra1 Rd7 33. Kf1 Qd4 34. Qxd4 cxd4 35. Ke1 Kf6 36. Ra6 Rb7 37. Ra8 Rc7 38. Rb8 Rxc4 39. Rxb6 Rc5 40. Rb8 Ke5 41. b6 Rb5 42. b7 Rb2 43. Kd1 g5 44. Kc1 Rb3 45. Kc2 Rb5 46. f4+ exf3 47. exf3 h5 48. Rg8 Rxb7 49. Rxg5+ Kd6 50. f4 h4 51. Kd3 hxg3 52. hxg3 Rb4 53. g4 Ra4 54. Rb5 Kc6 55. Re5 Kd6 56. g5 Ke7 57. Re4 Ra5 58. Kxd4 Ra4+ 59. Ke3 Ra3+ 60. Kf2 Kf7 61. Re3 Ra6 62. Kg3 Kg6 63. Kg4 Rd6 64. Rxe6+ Rxe6 65. f5+ Kf7 66. fxe6+ Kxe6 67. Kh5 Kf7 68. Kh6 Kg8 69. Kg6 1-0

[Event "Budapest FS05 FM-A"]
[Site "Budapest"]
[Date "2006.05.13"]
[Round "8"]
[White "Kondaurov, Sergey"]
[Black "Mizsei, Janos"]
[Result "1/2-1/2"]
[WhiteElo "2155"]
[BlackElo "2157"]
[PlyCount "69"]
[EventDate "2006.05.06"]
[EventType "tourn"]
[EventRounds "11"]
[EventCountry "HUN"]
[SourceTitle "CBM 112 Extra"]
[Source "ChessBase"]
[SourceDate "2006.07.14"]
[SourceVersion "1"]
[SourceVersionDate "2006.07.14"]
[SourceQuality "1"]

1. c4 c5 2. Nc3 Nc6 3. Nf3 Nd4 4. e3 Nxf3+ 5. Qxf3 Nf6 6. d4 g6 7. Ne4 cxd4 8. Nxf6+ exf6 9. Qe4+ Be7 10. Qxd4 Bb4+ 11. Bd2 Qa5 12. Be2 0-0 13. Bf3 d6 14. Ke2 Be6 15. b3 Bxd2 16. Qxd2 Qxd2+ 17. Kxd2 d5 18. Bxd5 Bxd5 19. cxd5 Rad8 20. e4 f5 21. f3 fxe4 22. fxe4 f5 23. Rhd1 fxe4 24. Ke3 Rf5 25. Rac1 Rd7 26. d6 Kf7 27. Rc4 Ke6 28. Rcd4 Re5 29. g4 g5 30. h4 gxh4 31. Rh1 h5 32. Rxh4 hxg4 33. Rxg4 Kf5 34. Rf4+ Ke6 35. Rdxe4 1/2-1/2

[Event "Budapest FS05 FM-A"]
[Site "Budapest"]
[Date "2006.05.12"]
[Round "7"]
[White "Hocevar, Nikola"]
[Black "Kondaurov, Sergey"]
[Result "1-0"]
[WhiteElo "2094"]
[BlackElo "2155"]
[PlyCount "67"]
[EventDate "2006.05.06"]
[EventType "tourn"]
[EventRounds "11"]
[EventCountry "HUN"]
[SourceTitle "CBM 112 Extra"]
[Source "ChessBase"]
[SourceDate "2006.07.14"]
[SourceVersion "1"]
[SourceVersionDate "2006.07.14"]
[SourceQuality "1"]

1. c4 e5 2. Nc3 Nf6 3. g3 Bb4 4. Bg2 0-0 5. Nf3 d6 6. 0-0 Be6 7. Ng5 c6 8. Nxe6 fxe6 9. Qb3 Bxc3 10. Qxb7 Ba5 11. Qxa8 Qc7 12. b4 Bb6 13. b5 d5 14. Ba3 Rd8 15. cxd5 exd5 16. Rac1 c5 17. Rc2 c4 18. d3 c3 19. Bb4 Na6 20. Qxd8+ Qxd8 21. bxa6 d4 22. a4 Nd5 23. Rb1 Nxb4 24. Rxb4 Qd6 25. Rb5 Qa3 26. Bd5+ Kf8 27. Rxb6 Qxa4 28. Rb8+ Ke7 29. Bb3 Qa1+ 30. Kg2 Qxa6 31. Ra2 Qc6+ 32. f3 a5 33. Bc4 a4 34. Rb5 1-0